000
00276nam a22001217a 4500
008
180125b xxu||||| |||| 00| 0 eng d
041
_a
eng
080
_a
574
100
_a
9
101
_a
mje
245
_a
the health of southern forests
_c
william.h.h
942
_2
udc
_c
BK
999
_c
40971
_d
40971